Páginas vivas /

Gardado en:
Detalles Bibliográficos
Autor Principal: Sábato, Ernesto (autor)
Formato: Libro
Idioma:Lingua castelá
Publicado: Buenos Aires, Argentina : Kapelusz, 1974, c1974
Series:(Grandes Obras de la Literatura Universal)
Temas:
Etiquetas: Engadir etiqueta
Sen Etiquetas, Sexa o primeiro en etiquetar este rexistro!

MARC

LEADER 00000nam^a2200000^a^4500
001 000141158
005 20250521000000.0
009 20260310095604.829
037 |a Acervo ITESO - Biblioteca 
041 |a ESP 
082 |a 868.  |b SAB 
100 |a Sábato, Ernesto  |e (autor) 
245 1 0 |a Páginas vivas /  |c E. Sábato ; prelim. y notas de María Isabel Murtagh. 
264 4 |a Buenos Aires, Argentina :  |b Kapelusz,  |c 1974, c1974 
300 |a 231 p. 
336 |a texto  |b txt  |2 rdacontenido 
337 |a sin mediación  |b n  |2 rdamedio 
338 |a volumen  |b nc  |2 rdasoporte 
440 1 |a (Grandes Obras de la Literatura Universal) 
545 0 |a El argentino Ernesto Sábato (1911-2011), físico y escritor de origen italiano, tiene un amplio reconocimiento no sólo literario, sino en términos de una gran figura moral. Su obra se caracteriza por un hondo contenido intelectual sobre la disputa entre el bien y el mal. Hizo su doctorado en física y cursos de filosofía en la Universidad de La Plata. Trabajó luego en el Laboratorio Joliot-Curie, en París, y abandonó definitivamente la ciencia en 1945 para dedicarse exclusivamente a la literatura. Entre los numerosos premios recibidos destacan el Premio Miguel de Cervantes de Literatura de 1984, el galardón Gabriela Mistral otorgado por la OEA y el Premio Jerusalén 1989, por citar los más destacados. Entre sus obras están las novelas: El túnel (1948); Sobre héroes y tumbas (1961), considerada la mejor novela argentina del siglo XX y Abaddón el exterminador (1974); sus ensayos: Uno y el universo (1945), Hombres y engranajes (1951), Heterodoxia (1953), El escritor y sus fantasmas (1963), Apologías y rechazos (1979) y Antes del fin (1998). Autor también del informe Nunca más, sobre los desaparecidos durante la dictadura en Argentina. 
649 |a XX 
650 |a Ensayos Argentinos 
650 |a Novela Argentina 
650 |a Cuentos Argentinos 
650 |a Literatura Argentina -  |y Siglo XX 
650 |a Escritores Dominicanos 
650 |a Novela Argentina -  |x Historia y Crítica 
650 |a Literatura Argentina -  |x Historia y Crítica 
650 |a Literatura Dominicana -  |x Historia y Crítica 
650 |a Identidad Cultural -  |z Argentina 
650 |a Identidad Nacional -  |z Argentina 
650 |a Retórica 
650 |a Español en Argentina 
650 |a Literatura y Política 
650 |a Literatura y Sociedad 
650 |a Sociología de la Cultura 
650 |a Lingüística 
650 |a Estética 
650 |a Argentina -  |x Historia 
650 |a Henríquez Ureña, Pedro 
910 |a Fondo Salvador Reynoso Reynoso 
920 |a Impresos - Libros 
930 |a Fondos Especiales 
940 |a Literatura 
905 |a 112 
901 |a 0800015149  |b IT2  |c ESP  |u 20250521 
902 |a https://opac.biblio.iteso.mx/vufind/Record/000141158